[Event "Stay Safe Play From Home 346"]
[Site "Emanuel Lasker Arena"]
[Date "2020.07.31"]
[Round "7"]
[White "Hickey"]
[Black "AChessPlayer"]
[Result "0-1"]
[WhiteElo "2032"]
[BlackElo "2417"]
[Annotator "TA"]
[PlyCount "98"]
[EventDate "2020.07.31"]
[EventType "swiss (blitz)"]

{[%evp 15,97,10,35,2,36,0,18,-3,0,-10,27,20,140,159,143,-71,-71,-62,-64,-62,46,0,206,191,225,233,318,301,397,386,362,372,319,309,400,83,338,352,345,344,339,260,268,194,256,279,263,256,273,281,372,371,660,396,385,370,885,317,306,156,487,273,297,130,351,136,647,625,789,795,691,168,164,124,185,45,88,83,89,84,74,5,142,-29999]} 1. Nf3 Nf6 2. g3 g6 3. Bg2 Bg7 4. O-O O-O 5. d3 d6 6. c3 Nc6 7. Nbd2 e5 8. e4 h6 9. Qe2 {[#] A05: Réti Opening: 1 Nf3 Nf6.} Nh5 $146 ({Predecessor:} 9... Nh7 10. Ne1 f5 {½-½ (10) Ravelo Gil,E (2408)-Gascon del Nogal,J (2251) Barquisimeto 2013}) 10. h3 Qe8 11. Kh2 {The position is equal.} f5 12. exf5 gxf5 13. Nh4 f4 (13... Be6 $11) 14. Bd5+ $16 Kh8 15. Ne4 $2 (15. Bf3 $1 $16 {[%cal Rf3h5] is forced if you want to stay better.} fxg3+ 16. fxg3) 15... Ne7 $17 16. Bb3 d5 17. Nd2 $1 c6 (17... e4 $15 18. g4 (18. dxe4 Be5 $11) 18... Bf6) 18. Ndf3 {Hoping for g4.} (18. Bd1 $5 {[%cal Re2h5]} fxg3+ 19. fxg3 $11) 18... Ng8 $2 (18... fxg3+ $11 {and Black is okay.} 19. fxg3 e4 $1 {[%mdl 512]} 20. dxe4 Nf5 {[%mdl 64] Pin}) 19. Bd2 e4 {[#]} 20. dxe4 $1 dxe4 21. Rae1 Bd7 22. Qxe4 {Ng6+ is the strong threat.} Qxe4 23. Rxe4 Rfe8 24. Rxe8 Rxe8 25. Nd4 $2 (25. g4 $18 {has better winning chances.}) 25... Ngf6 $2 {[%mdl 8192]} (25... Bxd4 $16 {might work better.} 26. cxd4 Re2 27. Ng6+ {[%mdl 64] Double Attack} Kh7 28. Nf8+ (28. Nxf4 Nxg3 29. Kxg3 Rxd2 $16) 28... Kg7 29. Nxd7 Rxd2) 26. g4 $18 ({Much less strong is} 26. gxf4 c5 $18) 26... Ne4 27. Bc1 (27. gxh5 Nxd2 28. Rd1 Nxb3 $14) 27... Nhf6 28. Bxf4 Nd5 29. Bg3 Nd2 (29... Bxd4 $142 30. cxd4 Nd2) 30. Rd1 Nxb3 31. axb3 ({Don't play} 31. Nxb3 $6 Kg8 $18) 31... Bxd4 32. Rxd4 ({Weaker is} 32. cxd4 Re2 $16) 32... Re2 33. c4 Nf6 $2 (33... Nb6 34. Rd6 c5 35. Ng6+ Kg7) 34. Ng6+ Kg7 35. Nf4 Be8 $2 (35... Re4) 36. Bh4 $2 (36. Nxe2 c5 37. Rd6) 36... Rxb2 {If only Black now had time for ...Bf7....} 37. Rd8 ({White should play} 37. Ne6+ $18 Kh7 38. Kg2) 37... Kf7 $2 (37... Bf7 $16 {is tougher.}) 38. Rd6 (38. Bxf6 $142 Kxf6 39. Rxe8) 38... Nd7 39. Rd3 (39. Rxh6 $18 Nf8 40. Bf6 Rxf2+ 41. Kg3) 39... Rc2 $2 (39... Nc5 $16) 40. Rf3 $2 (40. Re3 $18 {and White stays clearly on top.} Nc5 41. Re5) 40... Ne5 $2 {[%mdl 8192]} (40... Kg8 $16 41. Ne6 Re2) 41. Re3 Ng6 42. Nxg6 Kxg6 {[%mdl 4096] Endgame KRB-KRB} 43. Bg3 $2 (43. Rxe8 b5 44. Re6+ Kg7 45. Rxc6 bxc4 46. Rxc4) 43... Bf7 44. Rf3 a5 {[#]} (44... Re2 $16 {was necessary.} 45. Bh4 Be8) 45. Re3 (45. Be5 $1 $18) 45... a4 46. bxa4 Bxc4 47. a5 Bd5 48. Rd3 (48. Ra3 $16) 48... Rc1 (48... Ra2 $11) 49. Ra3 $2 {[%mdl 8192]} (49. Be5 $16) 49... Rh1# {Accuracy: White = 35%, Black = 25%.} 0-1

[Event "Stay Safe Play From Home 346"]
[Site "Emanuel Lasker Arena"]
[Date "2020.07.31"]
[Round "7"]
[White "Buzaglo"]
[Black "Little champs"]
[Result "0-1"]
[WhiteElo "1843"]
[BlackElo "2157"]
[Annotator "TA"]
[PlyCount "92"]
[EventDate "2020.07.31"]
[EventType "swiss (blitz)"]

{[%evp 12,91,-8,-23,-23,-19,-22,-21,0,-13,35,25,23,0,0,8,24,0,0,-74,-21,-16,-20,-41,6,-65,-52,-52,-47,-143,-159,-142,-149,-654,-650,-758,-651,-730,-727,-694,-645,-625,-589,-721,-711,-1064,-960,-1422,-941,-975,-960,-1014,-776,-817,-789,-852,-820,-1150,-918,-1114,-888,-954,-931,-1629,-1591,-2817,-2642,-5260,-2513,-29993,-29994,-29994,-29995,-29995,-29996,-29996,-29997,-29997,-29998,-29998,-29999,-29999]} 1. d4 d5 2. Nf3 e6 3. g3 Nf6 4. Bg2 Be7 5. O-O O-O 6. Nbd2 c5 7. c4 cxd4 {E06: Closed Catalan: Early deviations.} 8. cxd5 Qxd5 {[#]} 9. b3 $146 ({Predecessor:} 9. Nb3 d3 10. Nfd4 Qh5 11. exd3 Qxd1 12. Rxd1 Nd5 13. Bxd5 exd5 14. Be3 a5 15. Nb5 Na6 16. a3 a4 17. N3d4 Be6 18. Rac1 Rfc8 19. Rxc8+ Rxc8 20. Nc3 Bxa3 21. Nxa4 {½-½ (21) Ortega,L (2480)-Basso,P (2447) Gallipoli 2017}) 9... Nc6 {The position is equal.} 10. Bb2 Qd8 11. Nc4 {[%cal Rf3d4]} Bc5 12. Nfe5 Nxe5 13. Nxe5 Qc7 14. Nd3 {And now Rc1 would win.} Bb6 15. Rc1 (15. Qc1 $11) 15... Qe7 (15... Qd6 $17) 16. Ne5 $1 $11 Rd8 17. Qd3 Rb8 18. Qb5 (18. Rfd1 $11) 18... Bd7 $36 {[%mdl 2048] Black has some pressure.} 19. Qd3 Be8 20. b4 (20. Rfd1 $15) 20... Qxb4 $17 21. Ba3 Qb5 22. Qd1 $2 {[%mdl 8192] This move loses the game for White.} (22. Nc4 $17) 22... Qxe5 $19 23. Bb2 Rbc8 24. e3 Rxc1 25. Qxc1 Qd6 {aiming for ...dxe3.} 26. exd4 Bxd4 27. Ba3 Qa6 28. Rd1 e5 {Threatens to win with ...Qe2!} 29. Bb2 Bc6 30. Bxd4 exd4 31. Bf1 Bb5 32. Bg2 Qd6 33. Qd2 d3 34. Bf3 h6 35. h4 Ba6 36. Qe3 Nd5 37. Qe4 Nc3 {[%mdl 64] [#] Double Attack} 38. Qe1 Nxd1 39. Bxd1 d2 40. Qxd2 Qxd2 {Black mates.} 41. Bf3 Qe1+ 42. Kg2 Qf1+ 43. Kh2 {[#]} Rd2 $1 {[%mdl 64] Double Attack} 44. Bg2 Rxf2 {[%csl Gf2][%cal Rf1g2]} 45. Kh3 Qxg2+ 46. Kg4 Be2# {Accuracy: White = 55%, Black = 76%.} 0-1

[Event "Stay Safe Play From Home 346"]
[Site "Emanuel Lasker Arena"]
[Date "2020.07.31"]
[Round "7"]
[White "Mw testing"]
[Black "SoulofWolf"]
[Result "0-1"]
[WhiteElo "1643"]
[BlackElo "2034"]
[Annotator "TA"]
[PlyCount "44"]
[EventDate "2020.07.31"]
[EventType "swiss (blitz)"]

{[%evp 10,44,91,21,81,73,94,68,72,50,46,27,64,0,28,3,24,0,58,-46,-9,-20,4,-29,-2,-55,-53,-80,-23,-11,-13,-20,-16,-135,-138,-539,-525]} 1. d4 c5 2. d5 e6 3. c4 exd5 4. cxd5 d6 5. Nc3 Nf6 6. g3 ({White should play} 6. e4 $16) 6... Bg4 {A60: Modern Benoni: Early Divergences.} (6... g6 $11) 7. Bg2 Nbd7 8. Nf3 {[#]} a6 $146 {White is slightly better.} ({Predecessor:} 8... Nb6 9. b3 Be7 10. O-O O-O 11. Re1 Re8 12. Bb2 Bf8 13. Qd3 Qd7 14. Nd2 Re7 {½-½ (52) Goebel,K-Hickl,N GER email 2009}) 9. O-O b5 10. e4 Be7 11. Re1 (11. Qc2 $14) 11... O-O 12. h3 Bh5 13. a3 Ne5 (13... Bxf3 $11 14. Bxf3 Qc7) 14. Kh2 ({Better is} 14. g4 $14 Nxf3+ 15. Qxf3 (15. Bxf3 Bg6 $14)) 14... Nxf3+ 15. Bxf3 Bg6 16. e5 dxe5 17. Rxe5 (17. d6 $11 Qxd6 18. Bxa8 Rxa8 19. f4 Qxd1 20. Rxd1) 17... Bd6 $15 18. Re2 Qc7 (18... Qd7 $17) 19. Bg5 $11 Nd7 20. Be7 Rfe8 21. Qe1 (21. Qd2 $11) 21... Ne5 $17 22. Bg2 $2 {[%mdl 8192] [#]} (22. Rxe5 $17 {nothing else works.} Bxe5 23. d6 Bxd6 24. Bxa8 Rxe7 25. Qd2) 22... Rxe7 {Accuracy: White = 39%, Black = 73%.} 0-1

[Event "Stay Safe Play From Home 346"]
[Site "Emanuel Lasker Arena"]
[Date "2020.07.31"]
[Round "8"]
[White "Mepe_Nika"]
[Black "AChessPlayer"]
[Result "0-1"]
[WhiteElo "2413"]
[BlackElo "2420"]
[Annotator "TA"]
[PlyCount "84"]
[EventDate "2020.07.31"]
[EventType "swiss (blitz)"]

{[%evp 20,84,15,20,54,47,42,2,39,12,27,25,43,0,8,-186,-193,-188,-183,-165,-135,-181,-183,-143,-122,-209,-185,-209,-128,-128,-137,-108,0,0,0,-68,-9,-101,-89,-87,-117,-437,-119,-323,-116,-334,-100,-191,-184,-164,-175,-173,119,0,0,-253,29994,-156,-151,-151,-122,-123,-118,-244,-96,-29998,-29999]} 1. d4 Nf6 2. Bf4 g6 3. Nc3 Bg7 4. e4 d6 5. Qd2 O-O 6. O-O-O c6 7. Bh6 Qa5 8. Bxg7 Kxg7 9. Kb1 b5 10. f3 b4 11. Nce2 $1 Nbd7 {B07: Pirc Defence: Miscellaneous Systems.} 12. h4 h5 13. g4 Rb8 {[#] The position is equal.} 14. g5 $146 ({Predecessor:} 14. Nc1 e5 15. Nge2 Rh8 16. gxh5 Nxh5 17. Rg1 Ndf6 18. Rg5 Be6 19. dxe5 dxe5 20. Nd4 {1-0 (31) Kantorik,M (2342)-Belohlavek,P (2189) Havlickuv Brod 2005}) 14... Ne8 15. f4 Nc7 16. Nf3 Nb5 {Threatens to win with ...Nc3+!} 17. Nc1 $2 {[#]} (17. Ka1 $11 {and White has nothing to worry.}) 17... Nc3+ $1 $19 {[%mdl 576] Double Attack} 18. Ka1 {Re1 would now be nice for White.} (18. bxc3 bxc3+) 18... Nxd1 19. Qxd1 Ba6 20. f5 Bxf1 (20... gxf5 21. Nb3 $11) 21. Rxf1 c5 (21... gxf5 22. Nd2 $11) 22. e5 (22. d5 $17) 22... cxd4 $1 (22... gxf5 23. exd6 e6 24. Nb3 $11) 23. f6+ exf6 24. gxf6+ Kh7 $1 25. Ng5+ Kg8 (25... Kh8 $17 26. e6 fxe6) 26. e6 $11 {Hoping for Nb3.} Ne5 27. e7 (27. exf7+ $11 Nxf7 28. Qd3) 27... Rfe8 ({Better is} 27... Rfc8 $15) 28. Ne4 (28. Qxd4 $11 Qc5 29. Qd2) 28... Qd5 $17 {[#]} 29. Qd2 $1 {[%mdl 512] Intending Qh6 and mate.} Ng4 $1 ({Not} 29... Qxe4 30. Qh6 Qxh4 31. Qg7#) 30. Ng3 $2 {[%mdl 8192]} (30. Qf4 $17 Qe5 31. Nxd6 Qxf6 {[%mdl 64] Remove Defender} 32. Qxf6 Nxf6 33. Rxf6 Rxe7 34. Rf1) 30... b3 $2 (30... Ne3 $19 {And now ...Rbc8 would win.} 31. Kb1 Rbc8) 31. Nxb3 $2 (31. axb3 $17 Ne3 32. Kb1) 31... d3 $2 (31... Qe5 $19 {and Black stays clearly on top.} 32. Nf5 Nxf6) 32. c3 $2 ({Don't blunder} 32. Qxd3 $2 Qxd3 33. cxd3 d5 $19) (32. cxd3 $17 Nxf6 {[%mdl 64] Remove Defender} 33. Rxf6) 32... a5 $2 (32... Qe5 $19 {has better winning chances.} 33. Nf5 Nxf6) 33. Nd4 {[#]} (33. Nf5 $17) 33... Nxf6 $1 $19 {[%mdl 576] Remove Defender} 34. Rxf6 Rxe7 35. Rf1 Qe5 $2 ({Black should play} 35... Rbe8 $19 {Strongly threatening ...Qg2!} 36. Rb1 Re3) 36. Ngf5 (36. Qxd3 $6 Qe3 $11) ({White must play} 36. Nc6 $16 Qxg3 37. Nxe7+ Kg7 38. Nd5) 36... gxf5 $40 {[%mdl 128] Black is up to no good.} 37. Nxf5 $2 {[%mdl 8192]} ({Reject} 37. Qg5+ Kf8 $17) (37. Nc6 $1 $11 Qe2 38. Qg5+ {[%mdl 64] Double Attack} Kh7 39. Qxf5+ {[%mdl 64] Double Attack} Kh8 40. Qf6+ Kh7 41. Qf5+ Kg7 42. Qf6+ Kh7 43. Qf5+) 37... Qe2 $4 {[%mdl 8192]} (37... Re6 $19 38. Qxd3 Qe2 39. Nh6+ {[%mdl 64] Discovered Attack} Kf8 $1 {[%mdl 512]} 40. Qxe2 Rxe2 41. Rxf7+ Ke8) 38. Qg5+ $2 {[#]} (38. Rg1+ {mates} Qg4 39. Rxg4+ hxg4 {[#]} 40. Qg5+ $1 {[%mdl 576] Double Attack} Kf8 41. Qxe7+ {[%mdl 64] Double Attack} Kg8 42. Qf6 Kh7 43. Qg7#) 38... Kf8 $1 $17 {[%csl Gb8][%cal Re2b2]} 39. Qxe7+ Qxe7 40. Nxe7 Kxe7 41. Rd1 (41. Kb1 $17 {was called for.}) 41... Rg8 (41... f5 $19 {is more deadly.} 42. Rxd3 Rg8) 42. Rxd3 $2 {[%mdl 8192]} (42. b4 $17) 42... Rg1+ {Accuracy: White = 22%, Black = 39%.} 0-1

[Event "Stay Safe Play From Home 346"]
[Site "Emanuel Lasker Arena"]
[Date "2020.07.31"]
[Round "8"]
[White "Nuktotitakoi"]
[Black "Tolka"]
[Result "0-1"]
[WhiteElo "2301"]
[BlackElo "2267"]
[Annotator "TA"]
[PlyCount "88"]
[EventDate "2020.07.31"]
[EventType "swiss (blitz)"]

{[%evp 10,88,18,21,25,25,24,1,20,23,25,24,31,19,43,19,36,21,41,36,40,34,41,33,37,34,40,35,35,37,40,36,28,0,12,12,8,14,17,0,4,-9,0,-56,0,-746,-743,-762,-739,-802,-791,-833,-761,-747,-738,-1312,-1351,-1338,-1294,-963,-630,-648,-634,-846,-758,-1445,-897,-897,-880,-845,-817,-1666,-1575,-1947,-1577,-5622,-2208,-5239,-1320,-1228,-1207]} 1. Nf3 d6 2. b3 Nf6 3. d4 g6 4. Bb2 Bg7 5. e3 O-O 6. Be2 Ne4 {A48: 1 d4 Nf6 2 Nf3 g6: Torre, London and Colle Systems.} 7. O-O Nd7 8. Nbd2 Ndf6 {The position is equal.} 9. Nxe4 Nxe4 {[#]} 10. Bd3 $146 ({Predecessor:} 10. Nd2 Nxd2 11. Qxd2 c5 12. c4 cxd4 13. exd4 Bf5 14. Bf3 Rb8 15. d5 Bxb2 16. Qxb2 {0-1 (42) Dabraccio,G (1686)-Serafim Junior,A (1845) Bled 2018}) 10... Nf6 11. c4 Bg4 12. Be2 a5 13. h3 Bxf3 14. Bxf3 c6 15. a3 Qb6 16. Bc3 Nd7 17. Rb1 e5 18. b4 axb4 $1 19. axb4 exd4 20. exd4 Rfe8 21. c5 Qc7 22. cxd6 Qxd6 23. b5 Nf6 24. bxc6 bxc6 25. Rb7 Nd5 $36 {[%mdl 2048] Black has some pressure.} 26. Bd2 (26. Bb2 $11) 26... Re7 (26... Bxd4 $15 27. Bh6 Qe5) 27. Bg5 $2 {[%mdl 8192] [#] Black converts the advantage convincingly.} (27. Qb3 $11) 27... Rxb7 $19 {Black is clearly winning.} 28. Qd3 Rab8 29. h4 Rb3 30. Qe4 h6 31. Bd2 Qe6 32. Qc2 {[#]} Rxf3 $1 33. gxf3 Qh3 34. Qe4 Nf6 35. Qf4 Re8 36. Be3 Nd5 37. Qh2 Qxh2+ 38. Kxh2 Nxe3 39. fxe3 Rxe3 {KRB-KR} 40. Kg2 Bxd4 41. Rc1 c5 42. Rb1 Re2+ 43. Kg3 Rb2 44. Rd1 Bf2+ {Accuracy: White = 70%, Black = 78%.} 0-1

[Event "Stay Safe Play From Home 346"]
[Site "Emanuel Lasker Arena"]
[Date "2020.07.31"]
[Round "8"]
[White "Little champs"]
[Black "NTBT_DHS"]
[Result "1/2-1/2"]
[WhiteElo "2162"]
[BlackElo "2599"]
[Annotator "TA"]
[PlyCount "144"]
[EventDate "2020.07.31"]
[EventType "swiss (blitz)"]

{[%evp 13,144,29,35,20,14,8,13,9,38,-2,24,-11,-8,-60,13,-25,-31,-72,-70,-75,-31,-117,-118,-237,-231,-510,-245,-251,-258,-257,-162,-154,-83,-272,-271,-290,-280,-302,-300,-314,-318,-315,-300,-444,-460,-415,-367,-983,-987,-814,-351,-1165,-1162,-5297,578,576,568,466,639,639,639,639,639,639,632,625,602,585,578,529,572,452,505,505,1250,647,654,647,29994,647,647,647,4627,587,632,632,603,567,29991,-766,29991,29992,29993,29992,29993,29992,29992,29993,29993,29989,29989,29990,29990,29988,29990,29988,29988,29989,29989,29990,29990,29989,29989,0,29991,29989,29993,29992,29992,29991,29993,29992,29992,29993,29993,29993,29994,29994,29996,29994,29995,0,29996]} 1. d4 g6 2. e3 Bg7 3. Nf3 Nf6 4. Be2 O-O 5. O-O d5 6. c4 c6 7. Nc3 a6 8. cxd5 {D94: Grünfeld: 4 Nf3 Bg7 5 e3.} cxd5 9. Qb3 Nc6 {[#]} 10. Ne5 $146 ({Predecessor:} 10. Bd2 Na5 11. Qb4 Nc6 12. Qb3 Ra7 13. Rac1 Be6 14. Na4 Ne4 15. Rfd1 Nxd2 16. Rxd2 {1-0 (55) Echeguren,M (1953)-Villanueva,G (2064) Buenos Aires 2019}) 10... Na5 11. Qc2 b5 12. b4 Nc4 13. Nxc4 ({White should try} 13. a4 $11) 13... dxc4 (13... bxc4 $15 14. a4 Bf5) 14. a4 Bb7 15. axb5 axb5 16. Bb2 Re8 17. f3 (17. Rxa8 $15 Bxa8 18. Ra1) 17... Qb6 $17 18. Rad1 (18. Kh1 $17 {might work better.}) 18... e5 $19 19. Ne4 $2 (19. Nxb5 Qxb5 20. dxe5) 19... Nxe4 (19... Nd5 $142 20. Bc1 exd4 21. exd4 f5) 20. fxe4 exd4 21. Bxd4 Qe6 22. Bf3 Bxe4 (22... Bxd4 $142 23. Rxd4 Bc6) 23. Qc3 $2 (23. Qxe4 $17 {was worth a try.} Qxe4 24. Bxe4 Rxe4 25. Bxg7 Kxg7 26. Rd7) 23... Bxf3 24. Rxf3 Rad8 25. h3 Rd5 26. Rdf1 Bxd4 27. exd4 f5 28. g4 (28. Rf4 {keeps fighting.}) 28... fxg4 29. Rf6 Qe4 30. Qg3 $2 (30. R6f4 Qe3+ 31. Qxe3 Rxe3 32. hxg4) 30... Qxd4+ 31. Kh1 gxh3 {[#]} (31... c3 $142 32. R6f2 Rh5) 32. Qf3 $2 (32. Rxg6+ $1 {[%mdl 512]} Kh8 (32... hxg6 33. Qxg6+) 33. Rg4) 32... Qe4 33. Rf8+ Kg7 $4 {[%mdl 8192]} (33... Rxf8 $19 {avoids the disaster.} 34. Qxe4 Rxf1+ 35. Kh2 Rff5 36. Qe8+ Kg7 37. Kxh3 Rd3+ 38. Kg2 h5) 34. Rxe8 $18 Qxf3+ 35. Rxf3 Rd1+ 36. Kh2 Rb1 37. Kxh3 Rxb4 38. Re7+ Kh6 39. Rff7 Kg5 40. Rxh7 Rb3+ 41. Kg2 Kf6 42. Rc7 Rb2+ 43. Kf3 Rb3+ (43... Ke5 $142 44. Ke3 Rb3+ 45. Kd2 Rd3+ 46. Kc2 Rg3 47. Rc5+ Kd4 48. Rxb5 Rg2+ 49. Kd1 g5 50. Rd7+ Kc3) 44. Ke4 Rb1 45. Kd4 Rf1 46. Kc5 (46. Rcf7+ $142 Kg5 47. Rxf1 Kg4 48. Rg1+ Kf3 49. Rf7+ Ke2 50. Rgf1 g5 51. R7f2#) 46... Rf5+ 47. Kb4 Re5 48. Rhd7 (48. Rhf7+ $142 Ke6 49. Rf1) 48... Re1 49. Rf7+ Kg5 50. Rfe7 Kh6 51. Rc6 $4 {[%mdl 8192]} (51. Rxe1 {is the narrow road to win.} g5 52. Kxb5 c3 53. Rg1 Kg6 54. Rxc3 Kf5 55. Rc4 Ke5 56. Kc6) 51... Kh5 $4 {[%mdl 8192]} (51... Rxe7 $19 52. Kxb5 Re4) 52. Rxe1 g5 {[#]} 53. Rc5 $1 Kh4 54. Rxb5 g4 55. Rg1 g3 {[#]} 56. Rxg3 $3 Kxg3 57. Kxc4 {[%mdl 4096] Endgame KR-K} Kf3 58. Rd5 Ke2 59. Kc5 Kf3 60. Rd4 Ke3 61. Kd5 Kf3 62. Ke5 Ke3 63. Kd5 $2 (63. Rd6 {mates} Kf3 64. Rd3+ Ke2 65. Ke4 Kf2 66. Kf4 Ke2 67. Rd8 Kf2 68. Rd2+ Ke1 69. Ke3) 63... Ke2 $2 {[%mdl 8192]} (63... Kf3 $11 64. Re4 Kf2 65. Kd4 Kf3 66. Kd3 Kf2 67. Re3 Kf1 68. Re2 Kg1) 64. Re4+ Kd2 65. Kd4 Kc2 66. Re3 Kb2 67. Ke4 Kc2 68. Rd3 Kc1 69. Kd4 Kc2 70. Ke3 Kb2 71. Ke2 Kb1 72. Ke3 Kb2 $1 {[%mdl 32768] White used his chance. Accuracy: White = 38%, Black = 39%. . An unexpected result.} 1/2-1/2

[Event "Stay Safe Play From Home 346"]
[Site "Emanuel Lasker Arena"]
[Date "2020.07.31"]
[Round "8"]
[White "SoulofWolf"]
[Black "SelamiSahin"]
[Result "0-1"]
[WhiteElo "2037"]
[BlackElo "2116"]
[Annotator "TA"]
[PlyCount "108"]
[EventDate "2020.07.31"]
[EventType "swiss (blitz)"]

{[%evp 11,108,17,23,8,18,15,40,37,62,45,85,76,76,83,174,81,386,208,264,247,325,314,331,308,295,92,106,91,134,68,312,0,0,0,180,-22,-14,-24,-14,-110,-57,-64,-64,-166,-173,-285,-183,-238,-230,-731,-295,-1077,-402,-956,-952,-6744,-905,-29984,-406,-795,-800,-703,-496,-1281,-1224,-1633,-1620,-1439,-690,-857,-704,-660,-590,-1152,-1139,-1089,-1058,-1072,-1083,-5347,-5787,-5452,-5452,-29981,-5285,-2374,-2153,-29973,-29974,-29950,-12799,-29982,-3318,-29986,-29985,-29992,-29965,-29987,-6095]} 1. d4 c6 2. Nf3 d5 3. c4 Nf6 4. Nc3 Bf5 5. Bg5 e6 6. e3 Be7 7. a3 {[%cal Ba2a3,Ba3b4][%mdl 32] [#] D06: Queen's Gambit: Symmetrical and Baltic Defences.} Qb6 $146 ({Predecessor:} 7... h6 8. Bh4 Nbd7 9. b4 dxc4 10. Bxc4 O-O 11. O-O Re8 12. Re1 Ne4 13. Nxe4 Bxe4 14. Bxe7 Qxe7 {0-1 (56) Genoves Dexeus,D (1646)-Romero Perera,E (1965) Barcelona 2020}) 8. b4 a5 9. c5 {White is slightly better.} Qc7 10. Be2 (10. Bf4 {keeps more tension.} Qc8 11. Be2 Nbd7 12. Nh4 Be4 13. O-O) 10... axb4 11. axb4 Rxa1 12. Qxa1 Nbd7 (12... O-O $16) 13. O-O (13. Qa8+ $18 {and White stays clearly on top.} Qb8 14. Qxb8+ Nxb8 15. Bf4) 13... Rf8 $2 {[%mdl 8192]} (13... O-O $16) 14. Nd2 (14. Qa8+ $142 Qb8 15. Ra1) 14... h6 15. Bh4 Bd8 16. Bg3 Qc8 17. Qa7 Bc7 18. f4 $2 (18. Bxc7 $18 {has better winning chances.} Qxc7 19. b5) 18... Ke7 19. Ra1 Qb8 20. Qa3 (20. b5 $16) 20... b6 $2 (20... g5 $14) 21. Qb2 $2 (21. b5 $18 cxb5 22. Nxb5 bxc5 23. dxc5) 21... bxc5 $11 22. dxc5 e5 $2 {[#]} (22... Nxc5 $11 {and Black has nothing to worry.} 23. Qa3 Ncd7) 23. Nd1 $2 ({White should try} 23. Nf3 $1 $18 {Threatens to win with fxe5.} Ne4 24. Nxe4 Bxe4 25. Nxe5 Nxe5 26. fxe5) 23... exf4 24. exf4 Bxf4 25. Nf1 (25. Bxf4 $11 {remains equal.} Qxf4 26. g3) 25... Ne4 (25... Be5 $17 26. Bxe5 Qxe5) 26. Bxf4 Qxf4 27. Bf3 ({White should play} 27. Nfe3 $15 Be6 28. Qxg7) 27... Rb8 $19 28. Qe2 (28. Nde3 {was worth a try.}) 28... Ndf6 29. Rb1 (29. Nf2 $142) 29... Kf8 {Strongly threatening ...Ng3.} 30. g3 $2 (30. Qe3 Qc7 31. Rb3) 30... Qe5 (30... Nxg3 $142 31. hxg3 Qd4+ 32. Nfe3 Bxb1) 31. Nde3 $2 (31. Bxe4 Nxe4 32. Nf2) 31... Bg6 (31... Nc3 $142 32. Qb2 Bxb1) 32. Ng2 (32. Qb2 $142 Qxb2 33. Rxb2) 32... Qd4+ {[%mdl 64] Double Attack} 33. Kh1 Rxb4 (33... Nf2+ $142 34. Qxf2 Qxf2) 34. Rd1 Qc4 (34... Nf2+ $142 35. Qxf2 Qxf2 36. Nd2 Rb2 37. Nc4 Qxf3 38. Nce3 Ng4 39. Ra1 Nxe3 40. Ra8+ Ke7 41. Ra7+ Kf6 42. Rxf7+ Bxf7 43. h4 Qxg2#) 35. Qe1 (35. Qxc4 $142 Rxc4 36. Ra1) 35... Qxc5 {...Nf2+ is the strong threat.} 36. Nge3 Qc3 37. Qe2 (37. Qxc3 $142 Nxc3 38. Ra1) 37... Rb2 38. Qe1 Nf2+ {[%mdl 64] Double Attack} 39. Kg1 Nh3+ 40. Kh1 Qxe1 41. Rxe1 Rf2 42. Nd1 Rxf3 43. Kg2 Ng5 44. h4 Be4 45. hxg5 Re3+ {[%mdl 64] Discovered Attack} 46. Kg1 Rxe1 47. Nf2 Ng4 (47... hxg5 $142 48. Ng4 {[#]} Rxf1+ $1 {[%mdl 512]} 49. Kxf1 Nxg4 50. Ke2 d4 51. Kd1 Ne3+ 52. Ke2 Nc4 53. Ke1 d3 54. Kf1 d2 55. Ke2 Bc2 56. Kf2 d1=Q 57. Kg2 Qe2+ 58. Kg1 Ne3 59. Kh1 Qg2#) 48. Nxg4 Bd3 49. gxh6 Rxf1+ 50. Kg2 gxh6 51. Kh3 Rf6 (51... Rf5 $142 52. Ne3 c5 53. Nd1 c4 54. Nc3 d4 55. Na2 Rf2 56. Nb4 Be4 57. g4 d3 58. Nd5 Rf3+ 59. Kg2 Bxd5 60. g5 hxg5 61. Kg1 d2 62. Kg2 d1=Q 63. Kh2 Qe2+ 64. Kh1 Rg3#) 52. Ne3 Rg6 {Black mates.} 53. Nf5 Rxg3+ 54. Kh4 h5 {Black used his chance. Accuracy: White = 20%, Black = 29%.} (54... Bxf5 $142 55. Kxg3 d4 56. Kf3 d3 57. Ke3 h5 58. Kf3 h4 59. Kf2 h3 60. Kf3 h2 61. Kf2 h1=Q 62. Ke3 Qd5 63. Kf4 d2 64. Ke3 d1=Q 65. Kf4 Qg4+ 66. Ke3 Qgf3#) 0-1

[Event "Stay Safe Play From Home 346"]
[Site "Emanuel Lasker Arena"]
[Date "2020.07.31"]
[Round "8"]
[White "Edmatuag"]
[Black "Hickey"]
[Result "0-1"]
[WhiteElo "1736"]
[BlackElo "2029"]
[Annotator "TA"]
[PlyCount "64"]
[EventDate "2020.07.31"]
[EventType "swiss (blitz)"]

{[%evp 9,64,-10,-8,-20,-6,-17,-8,-29,-27,-64,-54,-58,-69,-95,-65,-80,-63,-70,-35,-125,-36,-29,-20,-37,-26,-45,0,-52,-52,-47,-41,-62,-46,-222,-204,-216,-196,-209,-189,-208,-127,-123,-120,-106,-106,-106,-106,-106,-106,-562,-558,-523,-509,-517,-500,-502,-439]} 1. d3 Nf6 2. c3 e6 3. g3 Be7 4. Bg2 O-O {[#]} 5. Nd2 $146 ({Predecessor:} 5. Nf3 d5 6. O-O Nbd7 7. Nbd2 c6 8. d4 {½-½ (8) Berec,I (1835)-Sagan,M (1787) Ruzomberok 2016}) 5... d5 6. Ngf3 {A00: Irregular Openings.} c5 7. e4 b6 8. Qc2 {The position is equal.} Ba6 9. c4 dxe4 10. dxe4 Nc6 11. b3 Bb7 {Hoping for ...Nb4.} 12. a3 e5 13. Bb2 Nd4 (13... Bd6 {is more complex.} 14. O-O a5 15. Rfe1 Re8 16. Nf1 Nd4) 14. Nxd4 (14. Bxd4 $15 exd4 15. e5) 14... exd4 (14... cxd4 $17 15. O-O Qc7) 15. O-O $15 Re8 16. Qd3 Bd6 17. f4 Bc7 18. e5 ({White should play} 18. Bf3 $11) 18... Bxg2 19. Kxg2 Ng4 $36 {[%mdl 2048] [#] Strongly threatening ...Ne3+. Black is more active.} 20. Rfe1 f6 {[%cal Rf6e5]} 21. h3 $2 (21. e6 $15) 21... Ne3+ $19 22. Rxe3 dxe3 23. Qxe3 fxe5 24. Bxe5 Qe7 {[%cal Rc7e5]} 25. Nf3 Rad8 26. Re1 Bxe5 27. Nxe5 Rd4 28. Qf3 Qd8 29. Nc6 $2 {[%mdl 8192] [#]} (29. h4 $17) 29... Rd2+ {Black is clearly winning.} 30. Kf1 Qd3+ 31. Qxd3 Rxe1+ 32. Kxe1 Rxd3 {Accuracy: White = 51%, Black = 67%.} 0-1